000 00377nam a2200145Ia 4500
008 230711s9999||||xx |||||||||||||| ||und||
041 _aENG
082 _a677
_bTE-T
100 _aTextile Committee Govt of India
245 0 _aTextile prinitng
250 _a1st Ed.
260 _c1980
_aNew Delhi
_bTextile Committee Govt of India
650 _aTextile Engineering
942 _cBK
999 _c3659
_d3659